Maiores produtores de cacau do mundo - Statistics

Estatísticas Gerais
  • Esse quiz foi jogado 180 vezes
  • A pontuação média é 5 de 10
Estatísticas das Respostas
Toneladas/ano País % Correto
269.732 Brasil
99%
160.289 Peru
69%
739.483 Indonésia
64%
340.163 Nigéria
63%
327.903 Equador
58%
800.000 Gana
51%
2.200.000 Costa do Marfim
50%
290.000 Camarões
47%
193.156 Serra Leoa
27%
77.681 República Dominicana
11%
Nenhum quiz correspondente encontrado
Distribuição das Pontuações
Porcentagem de Pessoas com Cada Pontuação
Percentil de Números Respondidos
Sua Pontuação Histórica
Você não jogou esse quiz